| 000 | 00712nam a2200217Ia 4500 | ||
|---|---|---|---|
| 003 | SISC | ||
| 005 | 20160820092008.0 | ||
| 008 | 140429s9999 xx 000 0 und d | ||
| 020 | _a9780763781576 | ||
| 050 |
_aGV 211 _b.F73 2012 |
||
| 100 | _aFreeman, William H. | ||
| 245 |
_aPhysical education, exercise, and sport science in a changing society / _cWilliam H. Freeman. |
||
| 250 | _a7th edition. | ||
| 260 |
_aMassachusetts : _bJones and Barlett Learning, _c2012. |
||
| 300 |
_a382 pages : _bill. ; _c24 cm. |
||
| 500 | _aIncludes bibliographical references and index. | ||
| 650 |
_aPhysical education and training _xHistory. |
||
| 650 |
_aSports _xHistory. |
||
| 942 |
_kFOR _cBK _2lcc |
||
| 999 |
_c115664 _d115664 |
||